000 01476cam a2200337 4500
008 090401t1996 xxu||||| |||| 00| 0 eng d
020 _a0419213708
035 _a(Sirsi) u29105
041 _aeng
050 _a333.0065
245 _aPractice management for land, construction and property professionals.
260 _aLondon
_bE & FN Spon
_c1996
300 _axv,302p. ; 24cm.
350 _a62.5
520 _aPapers presented at conferences on Practice Management for Land, Construction and Property Professionals held in London and Liverpool in September and October 1995 supported by the RICS, RIBA, ICE and CIOB. Part one: The changing nature of professional work. Part two: Managing professionalism and creativity. Part three: Marketing of professional services. Part four: Professional ethics and quality of service.
650 _aABOUT RICS-RICS MEMBERS
650 _aCONSTRUCTION PROFESSIONALS
650 _aHUMAN RESOURCE MANAGEMENT
650 _aMARKETING
650 _aPERSONNEL MANAGEMENT
650 _aPRACTICE MANAGEMENT
650 _aPROFESSIONAL ETHICS
650 _aPROFESSIONAL SERVICES
650 _aPROFESSIONS
650 _aPROPERTY PROFESSIONALS
650 _aSURVEYORS
690 _aMANAGEMENT-BUSINESS MANAGEMENT-PROFESSIONAL PRACTICE
700 _aGreenhalgh, Brian
_xEditor
942 _n0
948 _uhttp://194.154.180.3/uhtbin/cgisirsi.exe/0/0/0/1/117/X/
_zComplete an order form to borrow the book free of charge...
999 _c89389
_d89389